000 01414nam a2200217Ia 4500
003 Ost
005 20260507075513.0
008 260507s9999||||xx |||||||||||||| ||und||
020 _a995718217x
040 _cfsecg
041 _aara
082 _a657.46
100 _aالفريجات، ياسر صالح
_eمؤلف
245 0 _aالمحاسبة في علم الضرائب /
_c ياسر صالح الفريجات
260 _aعمان:
_bدار المناهج,
_c2009
300 _a478 صفحة؛
_bإيضاحات ؛
_c25 سم
504 _aببليوغرافيا:ص ص.477-478
520 _aالإطار النظري العام للنظام الضريبي،النظام الضريبي الأردني،مصادر الدخل الخاضعة للضريبة والمعافاة منها،المصاريف المقبولة ضريبيا وغير المقبولة ضريبيا والتشريعات العامة،التقدير الضريبي على الرواتب والأجور،الأرباح الضريبية،التقدير على الضريبة المقطوعة،التقدير الضريبي على شركات الأشخاص،التقدير الضريبي على الشركات المالية والمصرفية،التقدير الضريبي على شركات التأمين،التقدير على الضريبة العامة للمبيعات
653 _aالضرائب-محاسبة
942 _cكتاب
999 _c44743
_d44743